Countries Producing the Most Wool (2012) - Statistics

General Stats
  • This quiz has been taken 766 times
  • The average score is 13 of 20
Answer Stats
Tonnes x 1000 Country % Correct
400 China
94%
362 Australia
92%
68 United Kingdom
92%
165 New Zealand
91%
46 India
88%
55 Russia
88%
55 Argentina
75%
43 Pakistan
75%
51 Turkey
72%
62 Iran
70%
23 Spain
64%
40 South Africa
59%
31 Indonesia
55%
40 Kazakhstan
52%
28 Uzbekistan
50%
39 Turkmenistan
45%
27 Algeria
44%
56 Morocco
43%
22 Syria
29%
36 Uruguay
21%
No matching quizzes found
Score Distribution
Percent of People with Each Score
Percentile by Number Answered
Your Score History
You have not taken this quiz